[Event "ch-URU"]
[Site "Montevideo URU"]
[Date "2002.05.16"]
[Round "11"]
[White "Valiente,C"]
[Black "Sosa Macho,J"]
[Result "1-0"]
[WhiteElo "2331"]
[BlackElo "2240"]

1.e4 c5 2.Nf3 Nc6 3.Bb5 e6 4.O-O Nge7 5.Re1 Nd4 6.Nxd4 cxd4 7.c3 a6 8.Bd3 Nc6
9.cxd4 Nxd4 10.b3 Bc5 11.Bb2 Qg5 12.Nc3 f6 13.Rc1 Ba7 14.Re3 h5 15.Rg3 Qh6
16.Ne2 Nc6 17.Bb1 h4 18.Rgc3 O-O 19.d4 b5 20.R1c2 Bb7 21.Rd2 g5 22.h3 Rf7
23.Kh1 Rg7 24.f3 Bb6 25.a3 Kh8 26.d5 Ne5 27.dxe6 dxe6 28.Rd6 Bf2 29.Nd4 Bxd4
30.Qxd4 Re8 31.Rc5 Qh5 32.Rxe5 fxe5 33.Qxe5 Re7 34.Rxe6 Rd7 35.Re8+ Kh7 36.Qf5+ Qg6
37.Rh8+  1-0

[Event "Open"]
[Site "Pula CRO"]
[Date "2002.05.17"]
[Round "7"]
[White "Rowson,J"]
[Black "Kuljasevic,D"]
[Result "1-0"]
[WhiteElo "2527"]
[BlackElo "2297"]

1.e4 c5 2.Nf3 Nc6 3.Bb5 e6 4.O-O Nge7 5.c3 d5 6.exd5 Nxd5 7.d4 cxd4 8.Nxd4 Bd7
9.Nxc6 bxc6 10.Bd3 Qc7 11.Nd2 Nf4 12.Nc4 Rd8 13.Bc2 c5 14.Qg4 Nd5 15.Re1 Nf6
16.Qh4 Be7 17.Bf4 Qc6 18.Bg5 Qc7 19.Ne5 Kf8 20.Nxd7+ Rxd7 21.Rad1 Rxd1 22.Rxd1 h6
23.Bc1 Nd5 24.Qe4 g6 25.c4 Nf6 26.Bf4 Nxe4 27.Bxc7 Nf6 28.Be5 Rg8 29.h3 g5
30.g4 a6 31.f3 Ne8 32.Kf2 f6 33.Bb8 Rg7 34.Rd7 Kg8 35.Ba4 Kf8 36.b3 f5 37.Ra7 fxg4
38.hxg4 Bf6 39.Ra8 Bd4+ 40.Ke2 Ke7 41.Bxe8 Rg8 42.Bc6  1-0

[Event "Open A"]
[Site "Ostrava CZE"]
[Date "2002.05.18"]
[Round "1"]
[White "Dvorak,V"]
[Black "Hladik,O"]
[Result "1-0"]
[WhiteElo "2090"]
[BlackElo "2259"]

1.e4 c5 2.Nf3 Nc6 3.Bb5 g6 4.O-O Bg7 5.Re1 e5 6.d3 Nge7 7.Bg5 h6 8.Be3 d6
9.Qd2 a6 10.Bxc6+ bxc6 11.c3 f5 12.exf5 Nxf5 13.d4 cxd4 14.cxd4 O-O 15.Nc3 Nxe3
16.Qxe3 Bg4 17.dxe5 Bxf3 18.gxf3 Bxe5 19.Qxh6 Ra7 20.Kf1 Qf6 21.Ne4 Qxf3
22.Qxg6+ Rg7 23.Qe6+ Kh8 24.Qh6+ Rh7 25.Qxh7+ Kxh7 26.Ng5+ Kg6 27.Nxf3 Rxf3
28.Rxe5 dxe5 29.Rc1 Rf6 30.Rc5 Kf5 31.Ra5 Rh6 32.Rxa6 Kf4 33.Ke2 e4 34.Rb6 Ke5
35.b4 Rxh2 36.Rxc6 Kd4 37.Rd6+ Kc4 38.a3 Rh3 39.Ra6 Rb3 40.Ra8 Kd4 41.Rd8+ Ke5
42.Ra8 Kd4 43.Ra4 Rb2+ 44.Kf1 e3 45.fxe3+ Kxe3 46.Ra5 Kd4 47.b5 Kc5 48.a4 Kb6
49.Ra6+ Kb7 50.Ke1 Rb4 51.Kd2 Rh4 52.Kc3 Rh3+ 53.Kb4 Rh4+ 54.Ka5 Rh7 55.Rg6 Rf7
56.Rg4 Rh7 57.Kb4 Kb6 58.a5+ Kb7 59.a6+ Ka7 60.Ka5 Rh5 61.Rg7+ Ka8 62.Kb6 Rh6+
63.Kc7 Ka7 64.Rd7 Rg6 65.Rd6 Rg7+ 66.Kc6 Rg1 67.Rd7+ Kb8 68.b6 Rc1+ 69.Kd6 Rd1+
70.Ke7 Re1+ 71.Kd8 Ra1 72.Rb7+ Ka8 73.Kc8 Rc1+ 74.Rc7 Rb1 75.b7+  1-0

[Event "Tanta Open"]
[Site "Tanta City EGY"]
[Date "2002.05.18"]
[Round "5"]
[White "Sarwat,W"]
[Black "Naby,S"]
[Result "1/2-1/2"]
[WhiteElo "2402"]
[BlackElo "2266"]

1.e4 c5 2.Nf3 Nc6 3.Bb5 d6 4.c3 e5 5.d4 cxd4 6.cxd4 exd4 7.Nxd4 Bd7 8.Nc3 Nf6
9.O-O Be7 10.Bf4 O-O 11.Nc2 a6 12.Ba4 Be6 13.Ne3 b5 14.Bc2 Ne5 15.a4 Qb6
16.axb5 axb5 17.Ned5 Bxd5 18.Nxd5 Nxd5 19.Qxd5 Rac8 20.Bb3 Nc4 21.Ra2 Rc5
22.Qd3 Rc6 23.Rc1 Rfc8 24.h3 Bf6 25.Qd5 h6 26.Qf5 Bd4 27.Bg3 Rc5 28.Qd7 Rd8
29.Qe7 Rcc8 30.Rc2 Qc6 31.Qh4 Re8 32.Bxc4 bxc4 33.Re2 f5 34.Qf4 Re5 35.Rd2 Rxe4
36.Qxf5 d5 37.Ra5 c3 38.Rxd4 Rxd4 39.Ra7 Rf8 40.Qe5 Qf6 41.bxc3 Qxe5 42.Bxe5 Rd1+
43.Kh2 Rf7 44.Ra8+ Kh7 45.Bd4 Rd7 46.Ra6 Re1 47.g4 Kg8 48.Rg6 Kh7 49.Ra6 Ree7
50.Kg3 Kg8 51.h4 Kf7 52.h5 Re6 53.Ra8 Re8 54.Ra6 Re6 55.Ra8 Re8 56.Ra5 Kg8
57.Ra6  1/2-1/2

[Event "ch-LTU"]
[Site "Vilnius LTU"]
[Date "2002.05.19"]
[Round "3"]
[White "Kveinys,A"]
[Black "Sarakauskas,G"]
[Result "1/2-1/2"]
[WhiteElo "2559"]
[BlackElo "2388"]

1.e4 c5 2.Nf3 Nc6 3.Bb5 g6 4.O-O Bg7 5.c3 Nf6 6.Re1 O-O 7.h3 d5 8.e5 Ne8
9.Bxc6 bxc6 10.d4 c4 11.Nbd2 Nc7 12.b3 cxb3 13.Nxb3 h6 14.Be3 Ne6 15.Qd2 Kh7
16.Nh2 f5 17.exf6 exf6 18.f4 Nc7 19.Nc5 Re8 20.Bf2 Bf5 21.g4 Be4 22.Nxe4 dxe4
23.f5 gxf5 24.gxf5 Qd7 25.Bg3 Nd5 26.Rf1 h5 27.Qe2 Qf7 28.c4 Nb6 29.Rf4 Bh6
30.Rh4 Rg8 31.Nf1 Rg5 32.Rxe4 Qxc4 33.Re7+ Bg7 34.Qxc4 Nxc4 35.Kh2 Rxf5 36.Rc1 Rd8
37.Rxc4 Rxf1 38.Rxa7 Kg6 39.Kg2 Rd1 40.Bf2 Rd2 41.Ra3 h4 42.Kf3 Rd5 43.Rc5 Bf8
44.Rxd5 Bxa3 45.Ra5 Rd3+ 46.Kg2  1/2-1/2

[Event "JCh-TUR"]
[Site "Kocaeli TUR"]
[Date "2002.05.20"]
[Round "10"]
[White "Yarligan,T"]
[Black "Ataman,A"]
[Result "1/2-1/2"]
[WhiteElo "2130"]
[BlackElo "2191"]

1.e4 c5 2.Nf3 Nc6 3.Bb5 g6 4.Bxc6 dxc6 5.d3 Bg7 6.Nc3 e5 7.Be3 Qe7 8.Qd2 Nf6
9.Bh6 O-O 10.Bxg7 Kxg7 11.Ng1 Re8 12.Nge2 b6 13.h4 h5 14.f3 Be6 15.Qg5 Nd7
16.Qxe7 Rxe7 17.b3 Rd8 18.Kf2 Nf6 19.Ke3 Red7 20.a4 Ng8 21.Nd1 Nh6 22.Nf2 f5
23.g3 Kf6  1/2-1/2

[Event "Open A"]
[Site "Ostrava CZE"]
[Date "2002.05.21"]
[Round "5"]
[White "Korolchuk,N"]
[Black "Hladik,O"]
[Result "0-1"]
[WhiteElo "2252"]
[BlackElo "2259"]

1.e4 c5 2.Nf3 Nc6 3.Bb5 g6 4.Bxc6 bxc6 5.O-O Bg7 6.Re1 e5 7.c3 Ne7 8.d4 cxd4
9.cxd4 exd4 10.Nxd4 Qb6 11.Nb3 Qc7 12.Nc3 O-O 13.Be3 d5 14.Bc5 Rd8 15.exd5 Nxd5
16.Nxd5 cxd5 17.Bd4 Bf5 18.Bxg7 Kxg7 19.Qd4+ Kg8 20.Rac1 Qb6 21.h3 Rab8 22.Red1 Re8
23.Qxb6 Rxb6 24.Rd2 Reb8 25.Rc7 Ra6 26.Nc1 Ra5 27.b3 Rc8 28.Rxc8+ Bxc8 29.Nd3 g5
30.Nb4 Be6 31.f3 h6 32.Kf2 Rb5 33.Nc6 Rc5 34.Nd4 Kg7 35.Rc2 Rxc2+ 36.Nxc2 Kf6
37.Ke3 Ke5 38.Nd4 Bd7 39.a4 a5 40.g4 f6 41.Nc2 f5 42.Nd4 fxg4 43.hxg4 Be8
44.Nf5 h5 45.Ng7 d4+ 46.Kf2 Bf7 47.gxh5 Bxb3 48.h6 Kf6 49.Nf5 Kg6 50.Nxd4 Bxa4
51.Kg3 Bd1 52.Nb5 a4 53.f4 g4 54.f5+ Kxh6 55.Kf4 Kg7 56.Na3 Kf6 57.Nc4 Be2
58.Ne3 a3 59.Nd5+ Kf7 60.Nb4 Ke7 61.Ke3 Bd1 62.Kf4 Kd6 63.Na2 Kc5 64.f6 Kd6
65.Nc3 Ke6 66.Ke4 Kxf6 67.Kd4 Kf5 68.Ne4 a2  0-1

[Event "Spring"]
[Site "Tel Aviv ISR"]
[Date "2002.05.21"]
[Round "2"]
[White "Shevelev,D"]
[Black "Kaplivatski,A"]
[Result "1-0"]
[WhiteElo "2324"]
[BlackElo "2234"]

1.e4 c5 2.Nf3 Nc6 3.Bb5 g6 4.Bxc6 dxc6 5.d3 Bg7 6.h3 Nf6 7.Nc3 b6 8.Be3 O-O
9.Qd2 Re8 10.Bh6 e5 11.g4 Qd6 12.Bxg7 Kxg7 13.O-O-O Be6 14.Nh4 Ng8 15.Ne2 a5
16.Kb1 a4 17.f4 f6 18.f5 Bf7 19.g5 c4 20.Rhg1 cxd3 21.cxd3 a3 22.b3 Red8
23.fxg6 hxg6 24.gxf6+ Qxf6 25.Nf5+ Kh7 26.Ne3 Be6 27.h4 Nh6 28.Rdf1 Qe7 29.h5 g5
30.Nf5 Bxf5 31.exf5 Nf7 32.Nc3 Qb4 33.f6 e4 34.Rg4 e3 35.Rxb4 exd2 36.Rxb6 Rxd3
37.Kc2 Rad8 38.Rb7 Kg8 39.Rd1 g4 40.Rb4 g3 41.Rg4+ Kh8 42.Ne4 Ne5 43.Rxg3 Nf3
44.Ng5 Ne1+ 45.Kb1 Rxg3 46.Nf7+ Kg8 47.Nxd8 Rg2 48.h6 Nf3 49.Ne6 Kf7 50.h7 Rh2
51.Nc5 Rxh7 52.Ne4 Rh2 53.Kc2 Ke6 54.Kc3 Rh3 55.Nf2 Rh2 56.Ne4 Rh3 57.Kc2 Rh2
58.b4 Re2 59.Nxd2 Kxf6 60.Kd3 Re1 61.Rxe1 Nxe1+ 62.Kc3 Ke6 63.Nc4 Kd5 64.Nxa3 Nf3
65.Nc2 Kd6 66.a4 Ne5 67.Ne3 Kc7 68.Kb3 Nd7 69.Nc4 Nf6 70.Ne3 Kb6 71.Kc3 Ne4+
72.Kd4 Nf6 73.Ke5 Ne8 74.Nc4+ Ka6 75.Ke6 Kb7 76.Nd6+ Nxd6 77.Kxd6 Kb6 78.Ke5 c5
79.b5 Ka5 80.Kd5 Kb4  1-0

[Event "Open A"]
[Site "Ostrava CZE"]
[Date "2002.05.23"]
[Round "7"]
[White "Hladik,O"]
[Black "Michenka,J"]
[Result "0-1"]
[WhiteElo "2259"]
[BlackElo "2325"]

1.e4 c5 2.Nf3 Nc6 3.Bb5 g6 4.O-O Bg7 5.Re1 Nf6 6.c3 O-O 7.d4 cxd4 8.cxd4 d5
9.e5 Ne4 10.Nc3 Nxc3 11.bxc3 Bg4 12.Re3 Qa5 13.a4 Rfc8 14.h3 Bxf3 15.Rxf3 a6
16.Bf1 b5 17.Bd2 bxa4 18.Rxa4 Qb6 19.h4 Na5 20.e6 f5 21.Bg5 Nc4 22.Bxc4 Rxc4
23.Rxc4 dxc4 24.Qa4 Qb5 25.Qa3 Re8 26.h5 h6 27.Bxe7 Qb7 28.Bd6 Rxe6 29.Qc5 Qd7
30.Be5 Bxe5 31.dxe5 Rc6 32.Qb4 g5 33.Re3 Qd1+ 34.Kh2 Qxh5+ 35.Rh3 Qe8 36.Re3 Qe6
37.Re1 Kg7 38.Qb7+ Kg6 39.Qa7 Rb6 40.g3 Rb5 41.Ra1 Rb6 42.Ra2 Kh5 43.f3 Rb5
44.Qxa6 Qxa6 45.Rxa6 Rxe5 46.Rc6 Re2+ 47.Kg1 Re3 48.g4+ fxg4 49.fxg4+ Kxg4
50.Rxc4+ Kg3 51.Kf1 Re5 52.Rd4 g4 53.Rd3+ Kh2 54.Rd2+ Kh3 55.Rd1 Kh2 56.Rd2+ Kh1
57.Kf2 h5 58.Kg3 Re3+ 59.Kh4 Rh3+ 60.Kg5 g3 61.Rd1+ Kh2  0-1

[Event "IHEM"]
[Site "Hamburg GER"]
[Date "2002.05.26"]
[Round "9"]
[White "Wendt,J"]
[Black "Lanka,Z"]
[Result "0-1"]
[WhiteElo "2285"]
[BlackElo "2503"]

1.e4 c5 2.Nf3 Nc6 3.Bb5 g6 4.Bxc6 dxc6 5.d3 Bg7 6.h3 Nf6 7.Be3 Nd7 8.Nc3 e5
9.Qd2 Qe7 10.Bh6 f6 11.Nh2 Bxh6 12.Qxh6 Nf8 13.O-O-O Ne6 14.Ne2 Nd4 15.Nxd4 exd4
16.e5 f5 17.h4 Be6 18.Kb1 O-O-O 19.Nf3 Bd5 20.Qf4 Rdf8 21.Rde1 h6 22.Rh3 Qe6
23.b3 a5 24.Kb2 b6 25.Rhh1 Rf7 26.a3 Ra7 27.Ra1 Rhh7 28.Rhe1 Rad7 29.Qd2 Qe7
30.e6 Rd6 31.Ne5 h5 32.Nd7 Rxd7 33.exd7+ Kxd7 34.Qf4 Qd6 35.Re5 Rf7 36.Rae1 b5
37.Qh6 c4 38.Qh8 c3+ 39.Ka2 a4 40.Qe8+ Kc7 41.Qa8 axb3+ 42.cxb3 Kb6 43.Re8 Bxb3+
44.Kb1 Ra7 45.Qd8+ Qxd8 46.Rxd8 Rxa3 47.Rde8 Ra2  0-1

[Event "Open A"]
[Site "Ostrava CZE"]
[Date "2002.05.26"]
[Round "10"]
[White "Vesselovsky,S"]
[Black "Michenka,J"]
[Result "1/2-1/2"]
[WhiteElo "2415"]
[BlackElo "2325"]

1.e4 c5 2.Nf3 Nc6 3.Bb5 g6 4.Bxc6 dxc6 5.d3 Bg4 6.Nbd2 Bg7 7.O-O Nf6 8.h3 Bxf3
9.Nxf3 O-O 10.Be3 Nd7 11.c3 e5 12.d4 cxd4 13.cxd4 exd4 14.Bxd4 Nf6 15.Qc2 Re8
16.Rfe1 Qa5 17.a3  1/2-1/2

[Event "TCh-BIH"]
[Site "Neum BIH"]
[Date "2002.06.03"]
[Round "2"]
[White "Jusic,Z"]
[Black "Bejtovic,J"]
[Result "1/2-1/2"]
[WhiteElo "2432"]
[BlackElo "2319"]

1.e4 c5 2.Nf3 Nc6 3.Bb5 g6 4.Bxc6 dxc6 5.h3 e5 6.d3 f6 7.Be3 Nh6 8.Nc3 Nf7
9.Nd2 Be6 10.g4 Qd7 11.Qf3 Be7 12.Qg3 g5 13.f3 h5 14.gxh5 Rxh5 15.h4 O-O-O
16.Qg1 Rxh4  1/2-1/2

[Event "TCh-BIH"]
[Site "Neum BIH"]
[Date "2002.06.03"]
[Round "2"]
[White "Miljanic,B"]
[Black "Perunovic,Mil"]
[Result "0-1"]
[WhiteElo "2431"]
[BlackElo "2478"]

1.e4 c5 2.Nf3 Nc6 3.Bb5 e6 4.O-O Nge7 5.b3 Ng6 6.Bb2 f6 7.Re1 Qc7 8.c3 Be7
9.d4 O-O 10.Nbd2 a6 11.Bf1 d5 12.exd5 exd5 13.c4 dxc4 14.d5 Nd8 15.bxc4 Nf7
16.a4 Bf5 17.Ne4 Rfe8 18.Ng3 Bg4 19.h3 Bxf3 20.Qxf3 Bd6 21.Nf5 Bh2+ 22.Kh1 Be5
23.Bxe5 Ngxe5 24.Qg3 Nd6 25.Nxd6 Qxd6 26.Rab1 b6 27.Re3 Rab8 28.Rbe1 Qd7
29.f4 Ng6 30.Bd3 Nf8 31.Qg4 Qxg4 32.hxg4 Kf7 33.Bf5 Rxe3 34.Rxe3 Re8 35.Rxe8 Kxe8
36.Bc8 a5 37.f5 Ke7 38.Kh2 b5 39.cxb5 c4 40.b6 Nd7 41.b7 Nb8  0-1

[Event "TCh-BIH"]
[Site "Neum BIH"]
[Date "2002.06.03"]
[Round "2"]
[White "Terzic,S"]
[Black "Kurajica,B"]
[Result "0-1"]
[WhiteElo "2286"]
[BlackElo "2555"]

1.e4 c5 2.Nf3 Nc6 3.Bb5 e6 4.c3 Nf6 5.Qe2 a6 6.Ba4 b5 7.Bc2 Bb7 8.O-O Qe7
9.a4 b4 10.e5 Nd5 11.Re1 Nf4 12.Qe3 Ng6 13.Qe2 d6 14.d4 cxd4 15.cxd4 Nh4
16.a5 Nxf3+ 17.Qxf3 Nxd4 18.Ba4+ Nb5 19.Qg3 dxe5 20.Be3 f6 21.Bb6 Qf7 22.Rc1 Bd6
23.Nd2 O-O 24.Nc4 Be7 25.Bxb5 axb5 26.Ne3 Rfc8 27.Rd1 Qe8 28.Qg4 f5 29.Qe2 Qc6
30.f3 Bg5 31.Nf1 e4 32.fxe4 Qxe4 33.Qxe4 Bxe4 34.Ne3 Rc6 35.Kf2 f4 36.Nf1 Bf6
37.Nd2 Bd5 38.Rac1 Rxc1 39.Rxc1 Bxb2 40.Rb1 Bc3 41.Nb3 e5  0-1

[Event "FIDE GP"]
[Site "Moscow RUS"]
[Date "2002.06.05"]
[Round "5.2"]
[White "Sutovsky,E"]
[Black "Lautier,J"]
[Result "0-1"]
[WhiteElo "2660"]
[BlackElo "2675"]

1.e4 c5 2.Nf3 Nc6 3.Bb5 g6 4.c3 Nf6 5.e5 Nd5 6.d4 cxd4 7.Qb3 Nb6 8.cxd4 Bg7
9.d5 Na5 10.Qd1 O-O 11.Na3 d6 12.Qd2 a6 13.Be2 Na4 14.b3 Nc5 15.Qe3 Bg4 16.b4 dxe5
17.Qxc5 e4 18.Nd4 b6 19.Qc3 Rc8 20.Qe3 Qxd5 21.Bb2 Bxe2 22.Qxe2 Nc4 23.Nxc4 Qxc4
24.Rd1 Rfd8 25.Qxe4 Qxb4+ 26.Rd2 Bxd4 27.Bxd4 Rc1+ 28.Ke2 Rxh1 29.h4 Qb1
30.Qf4 Re1+ 31.Kf3 Qf5 32.g4 Qd5+ 33.Kg3 Rg1+  0-1

[Event "TCh-BIH"]
[Site "Neum BIH"]
[Date "2002.06.05"]
[Round "6"]
[White "Palac,M"]
[Black "Kozul,Z"]
[Result "1/2-1/2"]
[WhiteElo "2574"]
[BlackElo "2595"]

1.e4 c5 2.Nf3 Nc6 3.Bb5 a6 4.Bxc6 dxc6 5.d3 Qc7 6.a4 a5 7.O-O e5 8.Na3 Ne7
9.Nh4 Ng6 10.Nxg6 hxg6 11.f4 Bd6 12.Nc4 Be6 13.Nxd6+ Qxd6 14.Qf3 c4 15.dxc4 Qd4+
16.Qf2 Qxf2+ 17.Rxf2 exf4 18.Bxf4 Bxc4 19.Rd1  1/2-1/2

[Event "TCh-BIH"]
[Site "Neum BIH"]
[Date "2002.06.08"]
[Round "9"]
[White "Martinovic,S"]
[Black "Perunovic,Mil"]
[Result "1-0"]
[WhiteElo "2450"]
[BlackElo "2478"]

1.e4 c5 2.Nf3 Nc6 3.Bb5 e6 4.O-O Nge7 5.Re1 Nd4 6.Nxd4 cxd4 7.d3 a6 8.Ba4 Nc6
9.c3 b5 10.Bb3 Bb7 11.Nd2 Be7 12.Nf3 dxc3 13.bxc3 O-O 14.Bb2 Rc8 15.a4 Kh8
16.axb5 axb5 17.c4 b4 18.Ne5 Nxe5 19.Bxe5 f5 20.exf5 Rxf5 21.d4 Bh4 22.Ra2 Ra8
23.Rb2 Qg5 24.Bg3 Qh6 25.Qd2 Qxd2 26.Rxd2 Be7 27.d5 Bg5 28.Rde2 Ra3 29.Bc2 Rf8
30.Bd6 Rg8 31.Bxb4 Ra2 32.dxe6 dxe6 33.f3 Ba6 34.Bb3 Rxe2 35.Rxe2 Rb8 36.Rxe6 h6
37.Rxa6 Rxb4 38.Ra8+ Kh7 39.Bc2+ g6 40.Ra7+ Kh8 41.Ra2 Kg7 42.Bd3 Rb3 43.Be4 Rc3
44.Ra7+ Kf8 45.Rc7 Bf4 46.Rc8+ Kf7 47.g3 Be3+ 48.Kg2 g5 49.Kh3 Bg1 50.Rh8 Rxc4
51.Rxh6 Be3 52.Kg4 Rb4 53.Rc6 Ke7 54.h3 Rb5 55.Rc3 Bd2 56.Rd3 Bc1 57.Rc3 Bd2
58.Rc7+ Kf6 59.Rc6+ Kf7 60.h4 gxh4 61.Kxh4 Be1 62.Rc1 Bf2 63.Rc2 Be1 64.Kg4 Kf6
65.Rc6+ Ke5 66.Rc1 Bf2 67.Rc2 Be3 68.Rc4 Bf2 69.f4+ Kf6 70.Rc2 Be1 71.Re2 Bc3
72.Rh2 Be1 73.Rh6+ Kf7 74.Rh4 Bf2 75.Rh2 Rb2 76.Kf3 Bd4 77.Rh7+ Kf6 78.Rh6+ Ke7
79.Bd5 Rc2 80.g4 Rf2+ 81.Ke4 Bb2 82.Rc6 Ba3 83.Re6+ Kd7 84.Rf6 Bc1 85.g5 Ke7
86.Bc4 Rc2 87.Bb3 Rb2 88.Rf7+ Ke8 89.Bd5 Re2+ 90.Kf3 Re7 91.Rf5 Re1 92.Bc4 Rg1
93.Rf6 Rd1 94.Ke4 Bb2 95.Re6+ Kf8 96.Rc6 Rd4+ 97.Ke3 Rd1 98.Kf3 Bc1 99.Be2 Re1
100.Re6 Bd2 101.Kg4 Ra1 102.Re4 Kg7 103.Bc4 Rg1+ 104.Kf5 Ra1 105.Re7+ Kf8
106.Rf7+ Ke8 107.g6  1-0

[Event "3rd IECC"]
[Site "Batumi GEO"]
[Date "2002.06.12"]
[Round "1"]
[White "Socko,B"]
[Black "Bae,T"]
[Result "1-0"]
[WhiteElo "2564"]
[BlackElo "2314"]

1.e4 c5 2.Nf3 Nc6 3.Bb5 e6 4.O-O Nge7 5.Re1 a6 6.Bf1 b5 7.b3 Nd4 8.c3 Nxf3+
9.Qxf3 Nc6 10.Bb2 e5 11.Na3 Be7 12.Nc2 O-O 13.d4 cxd4 14.cxd4 d6 15.Rac1 Qb6
16.dxe5 Nxe5 17.Qe3 Qb8 18.Nb4 Bb7 19.Rcd1 Rc8 20.h3 a5 21.Nd5 Bxd5 22.Rxd5 Rc2
23.Rxb5 Qc7 24.Rc1 Bf6 25.Ba3 Rc8 26.Rxc2 Qxc2 27.Bxd6 Qd1 28.Bxe5 Rc1 29.Qxc1  1-0

[Event "3rd IECC"]
[Site "Batumi GEO"]
[Date "2002.06.13"]
[Round "2"]
[White "Minasian,Art"]
[Black "Petrov,M"]
[Result "1-0"]
[WhiteElo "2572"]
[BlackElo "2469"]

1.e4 c5 2.Nf3 Nc6 3.Bb5 g6 4.Bxc6 dxc6 5.d3 Bg7 6.Nc3 Nf6 7.Be3 b6 8.h3 Nd7
9.Qd2 e5 10.Bh6 Bxh6 11.Qxh6 Qe7 12.a4 f6 13.Nd2 Nf8 14.f4 exf4 15.O-O Ne6
16.Ne2 g5 17.g3 Rg8 18.Qh5+ Rg6 19.gxf4 Nxf4 20.Nxf4 gxf4+ 21.Kf2 Qe5 22.Qxe5+ fxe5
23.Nf3 Bxh3 24.Rg1 O-O-O 25.Nxe5 Rxg1 26.Rxg1 Re8 27.Nf7 Re7 28.Ng5 Bd7 29.Rh1 c4
30.Kf3 cxd3 31.cxd3 c5 32.b3 Be8 33.Kxf4 Bg6 34.Nf3 Rf7+ 35.Ke3 Kc7 36.Ne5  1-0

[Event "3rd IECC"]
[Site "Batumi GEO"]
[Date "2002.06.16"]
[Round "5"]
[White "Baklan,V"]
[Black "Guseinov,K"]
[Result "1/2-1/2"]
[WhiteElo "2618"]
[BlackElo "2510"]

1.e4 c5 2.Nf3 Nc6 3.Bb5 g6 4.Bxc6 dxc6 5.d3 Bg4 6.Nbd2 Bg7 7.h3 Bxf3 8.Nxf3 Nf6
9.O-O O-O 10.Bg5 h6 11.Be3 b6 12.Qd2 Kh7 13.Rad1 Ne8 14.c3 e5 15.Qc2 Qe7
16.d4 exd4 17.cxd4 Nd6 18.e5 Nf5 19.Qe4 cxd4 20.Bxd4 Nxd4 21.Rxd4 c5 22.Rd5 Rad8
23.Rfd1 Rxd5 24.Qxd5 Kg8 25.b3 Rc8 26.Qc4 Rd8 27.Rd5 Rxd5 28.Qxd5 b5 29.Qc6 Bxe5
30.Qxb5 Bf6 31.Qc6 Kg7 32.a4 Bc3 33.Qd5 a5 34.Kf1 Qc7 35.g3 Qb6 36.h4 h5
37.Kg2 Bf6 38.Nd2 Bd4 39.Ne4 Qc7 40.Kf1 Qe7 41.Ng5 Bf6 42.Nf3 Qc7 43.Ke2 Qb6
44.Ne1 Bc3 45.Nd3 Bd4 46.Kf3 Qf6+ 47.Kg2 Qb6 48.Nf4 Qc7 49.Ne2 Qb6 50.Kf1 Qb4
51.Nxd4 cxd4 52.Ke2 Qc3 53.Qc4 Qb2+ 54.Kd3 Kg8 55.Qc2 Qa1 56.Kc4 Kh7 57.Qd2 Qb1
58.Qxd4 Qc2+ 59.Kb5 Qxb3+ 60.Kxa5 Qb7 61.Qc5 Qa8+ 62.Kb4 Qe4+ 63.Kb5 Qb7+
64.Kc4 Qe4+ 65.Qd4 Qc6+ 66.Kd3 Qf3+ 67.Kd2 Qa8 68.Ke2 Kg8 69.Qb4 Qa6+ 70.Ke1 Qd3
71.a5 Kh7 72.Qa4 Qa6 73.Qa3 Kg8 74.Qa2 Kf8 75.Qd5 Ke7 76.Kd2 Qa7 77.Ke2 Qa6+
78.Ke3 Qf1 79.Qe5+ Kf8 80.Qh8+ Ke7 81.Qc3 Kf8 82.Qa3+ Kg8 83.a6 Qe1+ 84.Kf3 Qh1+
85.Ke2 Qe4+ 86.Kd2 Qd4+ 87.Kc1 Qc4+ 88.Kd2 Qd4+ 89.Qd3 Qxf2+ 90.Kc3 Qc5+
91.Kb3 Kh7 92.Qc4 Qe3+ 93.Ka4 Qe8+ 94.Kb4 Qb8+ 95.Ka4 Qe8+ 96.Ka3 Qe7+ 97.Kb3 Qe3+
98.Kb4 Qd2+ 99.Kc5 Qe3+ 100.Kc6 Qe8+ 101.Kb7 Qe7+ 102.Qc7 Qe4+ 103.Kb8 Qe8+
104.Kb7 Qe4+ 105.Qc6 Qe7+ 106.Kc8 Qe3 107.Qd6 Qa7 108.Kd8 Kg8 109.Qc6 Qb8+
110.Kd7 Qa7+ 111.Kd6 Qd4+ 112.Kc7 Kh7 113.Kb7 Qb4+ 114.Kc8 Qe7 115.Qd7 Qf8+
116.Qd8 Qa3 117.Qb6 Qe7 118.Qc7 Qe6+ 119.Kb7 Qe4+ 120.Kb8 Qe8+ 121.Kb7 Qe4+
122.Qc6 Qe7+ 123.Kc8 Kg8 124.Qc7 Qe6+ 125.Kb7 Qb3+ 126.Qb6 Qd5+ 127.Qc6 Qb3+
128.Kc8 Qe3 129.Qd7 Qc5+ 130.Kb7 Qb4+ 131.Ka8 Qe4+ 132.Qb7 Qd4 133.a7 Kg7
134.Qc7 Qd5+ 135.Kb8 Qb5+ 136.Kc8 Qe8+ 137.Kb7 Qb5+ 138.Qb6 Qd7+ 139.Kb8 Qe8+
140.Kc7 Qe7+ 141.Kc6 Qe6+ 142.Kc5 Qe3+ 143.Kb5 Qb3+ 144.Ka6 Qa4+ 145.Kb7 Qd7+
146.Qc7 Qb5+ 147.Ka8 Qe8+ 148.Kb7 Qb5+ 149.Qb6 Qd7+  1/2-1/2

[Event "13th Open"]
[Site "Ljubljana SLO"]
[Date "2002.06.23"]
[Round "2"]
[White "Semrl,M"]
[Black "Sveshnikov,E"]
[Result "1/2-1/2"]
[WhiteElo "2213"]
[BlackElo "2556"]

1.e4 c5 2.Nf3 Nc6 3.Bb5 e6 4.Bxc6 bxc6 5.O-O Ne7 6.d3 Ng6 7.Ng5 Be7 8.Qh5 d6
9.Nc3 e5 10.Ne2 Bxg5 11.Bxg5 f6 12.Bd2 O-O 13.f4 exf4 14.Nxf4 Ne5 15.Qh4 d5
16.exd5 cxd5 17.Qg3 Rf7 18.Rae1 d4 19.Nh5 Ng6 20.Re2 Bb7 21.b3 Qd7 22.Rfe1 Kh8
23.h3 Rc8 24.Qf2 Ne5 25.Ng3 Kg8 26.Bf4 Ng6 27.Ne4 Bxe4 28.Rxe4 Ne7 29.Qe2 Nd5
30.Bd2 Rff8 31.Qh5 g6 32.Qf3 Kf7 33.Re5 Rcd8 34.Ba5 Kg7 35.Rxd5 Qxd5 36.Bxd8 Qxd8
37.Qc6 Qb6 38.Re7+ Rf7 39.Qd7 Rxe7 40.Qxe7+ Kh6 41.h4 g5 42.h5 g4 43.Qd7 g3
44.Qe7 c4 45.Qf8+ Kxh5 46.Qf7+ Kg5 47.Qg7+ Kf4 48.Qh6+ Ke5 49.Qg7 Kf4 50.Qh6+ Ke5
51.Qg7 cxb3 52.Qxg3+ Kd5 53.Qg8+ Kc5 54.Qc4+ Kd6 55.cxb3 Ke5 56.Qg8 Qb7 57.Qg3+ Ke6  1/2-1/2

[Event "13th Open"]
[Site "Ljubljana SLO"]
[Date "2002.06.26"]
[Round "5"]
[White "Kritz,L"]
[Black "Nedev,T"]
[Result "1/2-1/2"]
[WhiteElo "2446"]
[BlackElo "2476"]

1.e4 c5 2.Nf3 Nc6 3.Bb5 e6 4.Bxc6 bxc6 5.d3 Ne7 6.Qe2 f6 7.Nh4 g6 8.f4 Bg7
9.Nf3 O-O 10.Nc3 h6 11.Be3 Rb8 12.Bxc5 Rxb2 13.Bd6 g5 14.g3 Rf7 15.O-O g4
16.Nd4 Qa5 17.Nd1 Rxa2 18.Nb3 Qb6+ 19.Qe3 Rxa1 20.Nxa1 f5  1/2-1/2

[Event "1st GM"]
[Site "Bogny sur Meuse FRA"]
[Date "2002.06.27"]
[Round "1"]
[White "Kveinys,A"]
[Black "Pira,D"]
[Result "1-0"]
[WhiteElo "2559"]
[BlackElo "2434"]

1.e4 c5 2.Nf3 Nc6 3.Bb5 e6 4.O-O Nge7 5.Re1 a6 6.Bxc6 Nxc6 7.d4 cxd4 8.Nxd4 Qb6
9.Nxc6 Qxc6 10.Nc3 b6 11.Nd5 Bb7 12.Bf4 O-O-O 13.c4 exd5 14.cxd5 Qb5 15.Qc2+ Bc5
16.b4 d6 17.bxc5 bxc5 18.Rab1 Qa5 19.Bd2 Qc7 20.Bc3 Rd7 21.Re3 Qb8 22.Ba5 Re8
23.Rb6 Qa7 24.Qa4 Ree7 25.h3 f5 26.Rc6+ Kb8 27.exf5 Ka8 28.Qc4 Rf7 29.Bb6 Qb8
30.Rb3 Qe8 31.Re3 Rfe7 32.Re6 Kb8 33.Qb3 Ka8  1-0

[Event "13th Open"]
[Site "Ljubljana SLO"]
[Date "2002.06.27"]
[Round "6"]
[White "Roskar,R"]
[Black "Sveshnikov,E"]
[Result "0-1"]
[WhiteElo "2279"]
[BlackElo "2556"]

1.e4 c5 2.Nf3 Nc6 3.Bb5 e6 4.O-O Nge7 5.c3 a6 6.Ba4 b5 7.Bc2 Bb7 8.Qe2 Rc8
9.Rd1 Qc7 10.d3 Ng6 11.Be3 Be7 12.Nbd2 O-O 13.Ng5 h6 14.Nh3 d5 15.Nf3 d4
16.Bd2 e5 17.Bb3 dxc3 18.bxc3 Na5 19.Bd5 Bxd5 20.exd5 c4 21.d4 Bd6 22.dxe5 Nxe5
23.Nf4 Rfe8 24.Nxe5 Bxe5 25.Qg4 Rcd8 26.Re1 Qd6 27.Rad1 b4 28.Re3 b3 29.a4 b2
30.Rb1 Nb3 31.Rxb2 Nxd2 32.Qe2 Bxf4  0-1

[Event "13th Open"]
[Site "Ljubljana SLO"]
[Date "2002.06.28"]
[Round "7"]
[White "Zelcic,R"]
[Black "Nedev,T"]
[Result "1-0"]
[WhiteElo "2547"]
[BlackElo "2476"]

1.e4 c5 2.Nf3 Nc6 3.Bb5 e6 4.O-O Nge7 5.c3 a6 6.Ba4 b5 7.Bc2 Bb7 8.Qe2 Rc8
9.a4 b4 10.d4 bxc3 11.bxc3 cxd4 12.cxd4 Nb4 13.Bb3 Nec6 14.Na3 Na5 15.Bd1 d5
16.Ne5 dxe4 17.Qh5 g6 18.Nxg6 fxg6 19.Qe5 Nd3 20.Qxh8 Nxc1 21.Qxh7 Qf6 22.Nc2 Ncb3
23.Ra2 Qf7 24.Qh8 Nd2 25.Re1 Bd5 26.Rb2 Nac4 27.Ra2 Kd7 28.Qh3 Bd6 29.Ra1 Qf8
30.Re2 Qf5 31.Qxf5 gxf5 32.Ne3 Rh8 33.h3 Bb4 34.a5 Rg8 35.Ra4 Rb8 36.Nxc4 Nxc4
37.Rc2 Bd6 38.Ra1 Na3 39.Rcc1 Nb5 40.Ba4 Ke7 41.Bxb5 axb5 42.a6 b4 43.a7 Rg8
44.Kf1 f4 45.Ra4 Kd7 46.h4 Rh8 47.Ke2 Ba8 48.g3 fxg3 49.fxg3 Rg8 50.Ra5 Rxg3
51.Rg5 Ra3 52.Rg7+ Be7 53.h5 Rxa7 54.h6 Ra2+ 55.Ke3 Ra3+ 56.Kf4 Bd5 57.h7 Rh3
58.Ra1 e5+ 59.Kxe5 Rh5+ 60.Kf4 b3 61.Ra7+ Kd6 62.Rg6+ Be6 63.Ra6+ Kd7 64.Rgxe6 Rxh7
65.Reb6 Rh4+ 66.Kf5 e3 67.Rb7+ Ke8 68.Re6  1-0

[Event "IV Shakkinet B"]
[Site "Helsinki FIN"]
[Date "2002.06.29"]
[Round "6"]
[White "Paronen,P"]
[Black "Kilpela,P"]
[Result "1-0"]
[WhiteElo "2224"]
[BlackElo "2139"]

1.e4 c5 2.Nf3 Nc6 3.Bb5 Qb6 4.Nc3 e6 5.Bxc6 Qxc6 6.O-O a6 7.Re1 Qc7 8.d4 cxd4
9.Qxd4 d6 10.Bg5 f6 11.Bh4 Nh6 12.Nd2 Rb8 13.a4 Nf7 14.Kh1 Be7 15.f4 O-O
16.Nf3 Qc5 17.Qd2 b5 18.axb5 axb5 19.Bf2 Qc7 20.Ra7 Qd8 21.Nd4 Qe8 22.Ncxb5 Bd8
23.c4 e5 24.Nf5 Bxf5 25.exf5 Qc6 26.fxe5 fxe5 27.Na3 Nh6 28.b4 Bb6 29.b5 Qe8
30.Qd5+ Kh8 31.Bxb6 Rxb6 32.Ra6 Rxa6 33.bxa6 Nxf5 34.a7 Ne3 35.Qe4 Nf5 36.Nb5 Qh5
37.Kg1  1-0

[Event "13th Open"]
[Site "Ljubljana SLO"]
[Date "2002.06.29"]
[Round "8"]
[White "Kutuzovic,B"]
[Black "Sveshnikov,E"]
[Result "1-0"]
[WhiteElo "2406"]
[BlackElo "2556"]

1.e4 c5 2.Nf3 Nc6 3.Bb5 e6 4.Bxc6 bxc6 5.d3 Ne7 6.Bd2 Ng6 7.h4 h5 8.e5 f6
9.Qe2 Nxe5 10.Nxe5 fxe5 11.Qxe5 Qf6 12.Qg3 c4 13.dxc4 Ba6 14.Bc3 Qf5 15.Nd2 Qxc2
16.O-O Rh6 17.Rfe1 Rg6 18.Qe5 d6 19.Qa5 Bc8 20.Rac1 Qd3 21.Re3 Qxe3 22.fxe3 e5
23.Nf3 Bg4 24.Rf1 Be7 25.c5 e4 26.Ng5 Bxg5 27.hxg5 Rxg5 28.Qc7 Bf3 29.Rxf3 exf3
30.Qxc6+ Ke7 31.cxd6+ Ke6 32.d7+ Ke7 33.Bb4+  1-0

[Event "13th Open"]
[Site "Ljubljana SLO"]
[Date "2002.06.29"]
[Round "8"]
[White "Nedev,T"]
[Black "Podlesnik,B"]
[Result "1-0"]
[WhiteElo "2476"]
[BlackElo "2385"]

1.e4 c5 2.Nf3 Nc6 3.Bb5 e5 4.O-O Nge7 5.c3 g6 6.d4 cxd4 7.cxd4 exd4 8.Bf4 a6
9.Bc4 d5 10.exd5 Nxd5 11.Bg5 Be7 12.Bh6 Be6 13.Nxd4 Nxd4 14.Qxd4 Bf6 15.Qd2 Nc7
16.Qe2 Qd4 17.Nd2 Qh4 18.Ne4 Be5 19.f4 Bd4+ 20.Kh1 Qxh6 21.Nd6+ Ke7 22.Rad1 Qg7
23.f5 Kxd6 24.f6 Qf8 25.Rxd4+ Kc6 26.Rc1 Qh6 27.Rdd1 Kb6 28.Qf2+ Ka5 29.Qc5+ Nb5
30.Bxb5 axb5 31.Qa3+  1-0